000 00794nam a2200265 a 4500
001 53479
003 BD-RjUL
005 20211209075952.0
008 161016s1986 ilua b 001 0 eng
020 _a0256033021
035 _a(BD-RjUL)53600
040 _aDLC
_cDLC
_dBD-RjUL
_beng
041 _aeng
082 0 0 _223
_a659.1
_bBOC 1986
100 1 _aBovée, Courtland L.
_9159879
245 1 0 _aContemporary advertising /
_cCourtland L. Bovée, William F. Arens.
250 _a2nd ed.
260 _aHomewood, Ill. :
_bIrwin,
_c1986.
300 _axxvii, 629 :
_bill. ;
_c28 cm.
504 _aIncludes Bibliographical references and Indexes
650 0 _aAdvertising.
_9159881
700 1 _aArens, William F.
_9159882
942 _2ddc
_cBK
999 _c53479
_d53479